Statystyki dla Naj.... Kontynentu Afrykańskiego

Kliknij tutaj aby rozwiązać quiz!

Ogólne statystyki

  • Ten quiz został rozwiązany 362 razy
  • Średni wynik to 7 z 13

Statystyki odpowiedzi

Naj....NazwaRekord% Poprawnych
Największa wyspa AfrykiMadagaskar578 tys. km2
100%
Najdłuższa rzeka AfrykiNil6650 km
92%
Największa pustynia AfrykiSahara9064 tys. km2
89%
Największe państwo AfrykiAlgieria2 381 741 km2
77%
Najludniejsze państwo AfrykiNigeria203 mln
76%
Największe jezioro AfrykiJezioro Wiktorii68 tys. km2
72%
Najmniejsze państwo AfrykiSeszele455 km2
53%
Największy półwysep AfrykiPółwysep Somalijski750 tys. km2
47%
Największa zatoka AfrykiZatoka Gwinejska753 tys. km2
40%
Najludniejsze miasto AfrykiLagosok. 21 mln
36%
Najwyższy szczyt AfrykiKibo5895 m n.p.m
24%
Państwo Afrykańskie o największej gęstości zaludnieniaRwanda452 osób/km2
20%
Państwo Afrykańskie o najmniejszej gęstości zaludnieniaBotswana4 osoby/km2
12%

Rozkład punktacji

Percentyl według liczby udzielonych odpowiedzi

Procent ludzi z każdym wynikiem

Twoja historia wyników

Nie rozwiązałeś tego quizu